000 00445nam a2200169Ia 4500
008 180921t2013 xxu||||| |||| 00| 0 sin d
041 _asin
080 _a92
_bJAY
100 _aJayaweera, Dawpani, Chandamiththa
245 _aඑල්විස් ප්‍රෙස්ලි
246 _aElvis Presley
260 _bSanhida
_aNugegoda
_c2013
300 _b21 cm
942 _cBK
999 _c2635
_d2635
003 LK-CoDNM
040 _aLK-CoDNM
_dLK-CoDNM
_eLK-CoDNM